00500nam a22001217a 4500082000800000100002800008245014700036260003600183300002000219650004700239700003500286856005700321 a200 aYousaf, Muhammad Waseem aDevelopment of an Aviation Disaster Management Framework of Pakistan at per with International Standard and Practice /cMuhammad Waseem Yousaf aIslamabad :bMCE - NUST,c2017. a140 p. ;c30cm. aMS-Construction Engineering and Management aSupervisor: Dr. Nadeem Shahzad uhttp://10.250.8.41:8080/xmlui/handle/123456789/11788